000 00519cam a2200145 4500500
005 20260405002553.0
041 _afre
042 _adc
100 1 0 _aSchumacher, Julio
_eauthor
245 0 0 _aAlain Villemeur, La protection sociale , Un investissement pour notre avenir. Seuil, 2012, 170 pages, 17 €
260 _c2013.
500 _a3
786 0 _nÉtudes | 418 | 1 | 2013-01-01 | p. XXXIV-XXXIV | 0014-1941
856 4 1 _uhttps://shs.cairn.info/revue-etudes-2013-1-page-XXXIV?lang=fr&redirect-ssocas=7080
999 _c2058908
_d2058908